000 00588nam a2200205 a 4500
003 PILC
005 20160226095042.0
008 080205s19uu xx 00 eng d
020 _a1403985026
050 _aG 155.A1
_b.L585 2007
100 _aLomine, Loykie.
245 _aKey concepts in tourism /
_cLoykie Lomine and James Edmunds.
260 _aNew York :
_bPalgrave Macmillan,
_c2007.
300 _a230 pages :
_billustrations ;
_c22 cm.
500 _aIncludes index.
650 _aTourism
_xDictionaries.
700 _aEdmunds, James.
942 _cBK
_2lcc
_kFOR
999 _c39529
_d39529